00597nam a2200169 a 450000100100000000500170001000800410002704000250006808200150009311000770010824500140018526000640019930000250026304900090028895201130029799900170041000002854020200930055010.0110411s1981 dr ac 000 0 spa d aDO-SdBNPbspacBNPHU axxxxbR4261 aRepública Dominicana.bInstituto Nacional de la Vivienda (INVI)95449310aVivienda. aSanto Domingo, :bInstituto Nacional de la Vivienda,c1981. a73 p. :bil., retrs. aBNPD 0010718PDaPDbPDcHDd2011-04-11iLF1l0oxxxx R426p28540-10r2020-06-25w2020-06-25yLFPDZNo se presta c28032d28032